[Event "Prague op"]
[Site "Prague"]
[Date "2024.03.02"]
[Round "4"]
[White "Botez, Andrea"]
[Black "Tolhuizen, Ludo"]
[Result "1-0"]
[WhiteElo "1708"]
[BlackElo "1993"]
[PlyCount "75"]
[EventDate "2024.02.28"]
[EventType "swiss"]
[EventRounds "9"]
[EventCountry "CZE"]
[SourceTitle "CBM 219 Extra"]
[Source "ChessBase"]
[SourceDate "2024.05.31"]
[SourceVersion "1"]
[SourceVersionDate "2024.05.31"]
[SourceQuality "1"]

1. d4 d6 2. Nc3 g6 3. e4 Bg7 4. Bf4 Nd7 5. Qd2 e5 6. dxe5 dxe5 7. Bg5 Ngf6 8. 0-0-0 h6 9. Be3 Ng4 10. Nf3 Nxe3 11. fxe3 0-0 12. Bc4 c6 13. Qd6 Kh7 14. Rhf1 Qb6 15. Nd2 f6 16. Na4 Qxe3 17. Rf3 Qd4 18. Qe7 a6 19. Rd3 Qa7 20. Bf7 Rxf7 21. Qxf7 b5 22. Rg3 Nf8 23. Qxa7 Rxa7 24. Nc5 Ne6 25. Ndb3 Bf8 26. Nxe6 Bxe6 27. Rc3 Bc4 28. Na5 Bb4 29. Nxc6 Bxc3 30. Nxa7 Bd4 31. Nc6 Be3+ 32. Kb1 h5 33. Rd7+ Kh6 34. Rd6 Kg5 35. g3 Bc5 36. h4+ Kg4 37. Rxf6 Kxg3 38. Nxe5 1-0

[Event "WchT Seniors 50"]
[Site "Acqui Terme"]
[Date "2022.06.27"]
[Round "7.2"]
[White "Tolhuizen, Ludo"]
[Black "Hebden, Mark"]
[Result "0-1"]
[WhiteElo "2017"]
[BlackElo "2465"]
[PlyCount "98"]
[EventDate "2022.06.20"]
[EventType "team-swiss"]
[EventRounds "9"]
[EventCountry "ITA"]
[SourceTitle "CBM 209 Extra"]
[Source "ChessBase"]
[SourceDate "2022.09.30"]
[SourceVersion "1"]
[SourceVersionDate "2022.09.30"]
[SourceQuality "1"]
[WhiteTeam "NED Still active 50"]
[BlackTeam "England 50"]
[WhiteTeamCountry "NED"]
[BlackTeamCountry "ENG"]

1. e4 e5 2. Nf3 Nc6 3. Nc3 Nf6 4. Bb5 Nd4 5. Nxd4 exd4 6. e5 dxc3 7. exf6 Qxf6 8. dxc3 Bc5 9. Qe2+ Qe6 10. 0-0 Qxe2 11. Bxe2 d6 12. Re1 0-0 13. Bf4 a5 14. a4 Be6 15. Rad1 Rfe8 16. Bd3 h6 17. h4 Kf8 18. Kf1 Bd7 19. Bb5 Bxb5+ 20. axb5 a4 21. Ra1 Rxe1+ 22. Kxe1 Ke7 23. Ke2 Kd7 24. Be3 Bxe3 25. Kxe3 c6 26. bxc6+ Kxc6 27. Kd3 b5 28. Re1 Kd7 29. Re4 a3 30. bxa3 Rxa3 31. g3 g5 32. hxg5 hxg5 33. Rb4 Kc6 34. f4 g4 35. f5 Ra4 36. Rb1 Rc4 37. Re1 Rc5 38. Rf1 Rd5+ 39. Ke3 Re5+ 40. Kd3 Kc5 41. Rf4 f6 42. c4 b4 43. Rf1 d5 44. cxd5 Rxd5+ 45. Ke4 Rd4+ 46. Ke3 Rc4 47. Kd2 Kd5 48. Re1 Rd4+ 49. Kc1 Re4 0-1

[Event "Arco op 41st"]
[Site "Arco"]
[Date "2019.10.12"]
[Round "9"]
[White "Tolhuizen, Ludo"]
[Black "Zwahr, Paul"]
[Result "0-1"]
[WhiteElo "2096"]
[BlackElo "2282"]
[PlyCount "54"]
[EventDate "2019.10.04"]
[EventType "swiss"]
[EventRounds "9"]
[EventCountry "ITA"]
[SourceTitle "EXT 2020"]
[Source "ChessBase"]
[SourceDate "2019.10.17"]
[SourceVersion "1"]
[SourceVersionDate "2019.10.17"]
[SourceQuality "1"]

1. d4 Nf6 2. Nf3 g6 3. Nbd2 c5 4. dxc5 Qa5 5. a3 Qxc5 6. b4 Qc7 7. Bb2 Bg7 8. c4 0-0 9. g3 b6 10. Bg2 Bb7 11. 0-0 d6 12. Rc1 Nbd7 13. Qb3 Rac8 14. Rfd1 Qb8 15. Ne1 Rc7 16. Bxb7 Qxb7 17. Nef3 Rfc8 18. Qd3 Qa6 19. e4 Ng4 20. Bxg7 Kxg7 21. Qb3 b5 22. cxb5 Qb6 23. Qb2+ Nde5 24. Nb3 Rxc1 25. Rxc1 Nxf2 26. Qxf2 Qxf2+ 27. Kxf2 Nd3+ 0-1

[Event "Helsingor Xtracon op"]
[Site "Helsingor"]
[Date "2019.07.28"]
[Round "10"]
[White "Buchenau, Frank"]
[Black "Tolhuizen, Ludo"]
[Result "1/2-1/2"]
[WhiteElo "2294"]
[BlackElo "2090"]
[PlyCount "97"]
[EventDate "2019.07.20"]
[EventType "swiss"]
[EventRounds "10"]
[EventCountry "DEN"]
[SourceTitle "CBM 191 Extra"]
[Source "ChessBase"]
[SourceDate "2019.09.30"]
[SourceVersion "1"]
[SourceVersionDate "2019.09.30"]
[SourceQuality "1"]

1. e4 d5 2. exd5 Qxd5 3. Nc3 Qd6 4. d4 Nf6 5. Nf3 a6 6. Bd3 Bg4 7. Ne4 Nxe4 8. Bxe4 c6 9. c3 Nd7 10. Qb3 Qe6 11. Ng5 Qxb3 12. axb3 Nf6 13. Bc2 h6 14. f3 Bd7 15. Ne4 Nxe4 16. fxe4 e5 17. dxe5 Bc5 18. b4 Bb6 19. Bb3 0-0 20. Bf4 Rae8 21. 0-0-0 Bg4 22. Rd3 Bc7 23. h3 Bc8 24. Rf1 Be6 25. Kc2 Rd8 26. Rfd1 Rxd3 27. Rxd3 Rd8 28. Bxe6 fxe6 29. Rg3 Kf7 30. h4 Rd7 31. h5 Ke8 32. Rg6 Kf7 33. Rg3 Ke8 34. Rf3 Rf7 35. Kb3 Rd7 36. Kc4 Rd1 37. Be3 Bxe5 38. Kc5 Bc7 39. Bf4 e5 40. Bg3 Ke7 41. Bh4+ Ke6 42. Rf2 Rh1 43. g3 Re1 44. Kc4 Rxe4+ 45. Kd3 Re1 46. Rf8 Rd1+ 47. Ke4 Re1+ 48. Kd3 Rd1+ 49. Ke4 1/2-1/2

[Event "Helsingor Xtracon op"]
[Site "Helsingor"]
[Date "2019.07.27"]
[Round "9"]
[White "Tolhuizen, Ludo"]
[Black "Hilbenz, Guntram"]
[Result "1-0"]
[WhiteElo "2090"]
[BlackElo "1845"]
[PlyCount "73"]
[EventDate "2019.07.20"]
[EventType "swiss"]
[EventRounds "10"]
[EventCountry "DEN"]
[SourceTitle "CBM 191 Extra"]
[Source "ChessBase"]
[SourceDate "2019.09.30"]
[SourceVersion "1"]
[SourceVersionDate "2019.09.30"]
[SourceQuality "1"]

1. Nf3 d5 2. c4 c6 3. e3 Nf6 4. Nc3 a6 5. d4 dxc4 6. Bxc4 b5 7. Bd3 Bb7 8. e4 e6 9. 0-0 Nbd7 10. e5 Nd5 11. Nxd5 cxd5 12. Ng5 Be7 13. Qg4 g6 14. Be3 h5 15. Qg3 Nf8 16. Rac1 h4 17. Qg4 Bc8 18. Rc2 Rh5 19. Nh3 Bd7 20. Rfc1 Rc8 21. Rxc8 Bxc8 22. Nf4 Rg5 23. Qe2 f5 24. h3 Kf7 25. Qc2 Bd7 26. Qc7 Qxc7 27. Rxc7 Ke8 28. Be2 Kd8 29. Rc1 Nh7 30. Nd3 f4 31. Nxf4 Rf5 32. Bd3 g5 33. Bxf5 gxf4 34. Bxh7 fxe3 35. fxe3 Bg5 36. Kf2 Be8 37. Bd3 1-0

[Event "Helsingor Xtracon op"]
[Site "Helsingor"]
[Date "2019.07.25"]
[Round "7"]
[White "Berg, Margar"]
[Black "Tolhuizen, Ludo"]
[Result "0-1"]
[WhiteElo "1857"]
[BlackElo "2090"]
[PlyCount "126"]
[EventDate "2019.07.20"]
[EventType "swiss"]
[EventRounds "10"]
[EventCountry "DEN"]
[SourceTitle "CBM 191 Extra"]
[Source "ChessBase"]
[SourceDate "2019.09.30"]
[SourceVersion "1"]
[SourceVersionDate "2019.09.30"]
[SourceQuality "1"]

1. d4 e6 2. c4 f5 3. Nf3 Nf6 4. e3 c6 5. Bd3 d5 6. Nc3 Bd6 7. Bd2 0-0 8. Qc2 Ne4 9. h3 Nd7 10. a3 a5 11. Ra2 Qe7 12. c5 Bc7 13. b4 e5 14. dxe5 Nxe5 15. Nxe5 Bxe5 16. Nd1 Nxd2 17. Qxd2 axb4 18. axb4 Rxa2 19. Qxa2 b6 20. Qc2 bxc5 21. bxc5 g6 22. 0-0 Bd7 23. Nb2 f4 24. exf4 Rxf4 25. Re1 Qf6 26. Nd1 Bd4 27. Ba6 Qf8 28. Bb7 Qxc5 29. Qxc5 Bxc5 30. Re2 Rb4 31. Ba6 Rb1 32. Re1 Bf5 33. Rf1 Kf7 34. Ne3 Rxf1+ 35. Kxf1 Bd7 36. Ke2 Ke6 37. Kd3 Kd6 38. g4 Ke5 39. Ke2 Kf4 40. Ng2+ Ke4 41. Bd3+ Kd4 42. Nh4 Be7 43. Nf3+ Kc3 44. Ne5 Be8 45. f4 Bd6 46. h4 Bxe5 47. fxe5 Bd7 48. g5 Kd4 49. h5 Bg4+ 50. Kd2 Bxh5 51. e6 Bg4 52. e7 Bd7 53. Bf1 Ke5 54. Ke3 Kd6 55. Kf4 c5 56. Bg2 Be8 57. Bf3 Bf7 58. Bg2 d4 59. Bb7 d3 60. Ba6 d2 61. Be2 Kxe7 62. Ke3 Kd6 63. Kxd2 Ke5 0-1

[Event "Helsingor Xtracon op"]
[Site "Helsingor"]
[Date "2019.07.21"]
[Round "2"]
[White "Bharath, Subramaniyam H"]
[Black "Tolhuizen, Ludo"]
[Result "1-0"]
[WhiteElo "2405"]
[BlackElo "2090"]
[PlyCount "63"]
[EventDate "2019.07.20"]
[EventType "swiss"]
[EventRounds "10"]
[EventCountry "DEN"]
[SourceTitle "CBM 191 Extra"]
[Source "ChessBase"]
[SourceDate "2019.09.30"]
[SourceVersion "1"]
[SourceVersionDate "2019.09.30"]
[SourceQuality "1"]

1. e4 e6 2. d4 d5 3. Nc3 Nf6 4. Bg5 dxe4 5. Nxe4 Be7 6. Bxf6 gxf6 7. Nf3 a6 8. Qd2 b5 9. 0-0-0 Bb7 10. Qe3 Nd7 11. Bd3 Qc8 12. Qh6 f5 13. Neg5 c5 14. Qg7 Rf8 15. dxc5 Bf6 16. Qh6 Bxg5+ 17. Qxg5 Qxc5 18. Rhe1 Be4 19. Bxe4 fxe4 20. Rxe4 Qxg5+ 21. Nxg5 Rg8 22. h4 h6 23. Nxf7 Rxg2 24. Nxh6 Ke7 25. Nf5+ Kf6 26. Ne3 Rg7 27. Rf4+ Ke7 28. Re1 Kd6 29. Rd4+ Kc7 30. Re4 Rf8 31. Rxe6 Rxf2 32. Rxa6 1-0

[Event "Helsingor Xtracon op"]
[Site "Helsingor"]
[Date "2019.07.21"]
[Round "3"]
[White "Tolhuizen, Ludo"]
[Black "Lye, Sverre"]
[Result "1/2-1/2"]
[WhiteElo "2090"]
[BlackElo "1839"]
[PlyCount "62"]
[EventDate "2019.07.20"]
[EventType "swiss"]
[EventRounds "10"]
[EventCountry "DEN"]
[SourceTitle "CBM 191 Extra"]
[Source "ChessBase"]
[SourceDate "2019.09.30"]
[SourceVersion "1"]
[SourceVersionDate "2019.09.30"]
[SourceQuality "1"]

1. Nf3 c5 2. e3 Nc6 3. d4 cxd4 4. exd4 d5 5. c3 Nf6 6. Bd3 Bg4 7. Bf4 e6 8. Nbd2 Bd6 9. Bxd6 Qxd6 10. 0-0 0-0 11. Re1 Ne7 12. Nf1 b5 13. a3 Rab8 14. Ne3 Bh5 15. Be2 Nc6 16. Nd2 Bg6 17. h4 h6 18. h5 Bh7 19. Ng4 Nd7 20. Nf3 Rfc8 21. Bd3 Bxd3 22. Qxd3 Qf4 23. Nge5 Ncxe5 24. Nxe5 Nf6 25. Qe2 Qg5 26. Nd3 Nxh5 27. Qf3 Nf6 28. a4 a6 29. axb5 axb5 30. Ra7 Ra8 31. Rea1 Rab8 1/2-1/2

[Event "WchT Seniors 50"]
[Site "Dresden"]
[Date "2018.07.14"]
[Round "8.6"]
[White "Sirotkina, Nina"]
[Black "Tolhuizen, Ludo"]
[Result "1-0"]
[WhiteElo "2175"]
[BlackElo "2118"]
[PlyCount "33"]
[EventDate "2018.07.07"]
[EventType "team-swiss"]
[EventRounds "9"]
[EventCountry "GER"]
[SourceTitle "CBM 185 Extra"]
[Source "ChessBase"]
[SourceDate "2018.07.29"]
[SourceVersion "1"]
[SourceVersionDate "2018.07.29"]
[SourceQuality "1"]
[WhiteTeam "Russia (Women)"]
[BlackTeam "Brabant"]
[WhiteTeamCountry "GER"]
[BlackTeamCountry "NED"]

1. d4 Nf6 2. Bf4 e6 3. e3 c5 4. Nd2 Nc6 5. c3 d5 6. Ngf3 Be7 7. h3 Bd6 8. dxc5 Bxc5 9. Bd3 Bd6 10. Bxd6 Qxd6 11. e4 0-0 12. 0-0 b6 13. Re1 dxe4 14. Nxe4 Qe7 15. Nxf6+ Qxf6 16. Be4 Bb7 17. Qd7 1-0

[Event "Las Palmas Montalvo Memorial 11th"]
[Site "Las Palmas"]
[Date "2018.03.27"]
[Round "5"]
[White "Wieczorek, Oskar"]
[Black "Tolhuizen, Ludo"]
[Result "1-0"]
[WhiteElo "2464"]
[BlackElo "2132"]
[PlyCount "73"]
[EventDate "2018.03.24"]
[EventType "swiss"]
[EventRounds "9"]
[EventCountry "ESP"]
[SourceTitle "CBM 183 Extra"]
[Source "ChessBase"]
[SourceDate "2018.04.19"]
[SourceVersion "1"]
[SourceVersionDate "2018.04.19"]
[SourceQuality "1"]

1. Nf3 d5 2. g3 c6 3. Bg2 Bg4 4. 0-0 e6 5. c4 Nf6 6. cxd5 Bxf3 7. Bxf3 cxd5 8. Nc3 Nc6 9. d3 Be7 10. Bd2 0-0 11. a3 Qd7 12. Bg2 Rfd8 13. Qa4 a6 14. Rfc1 h6 15. Qd1 b5 16. e3 Rac8 17. Na2 e5 18. Qf1 Qb7 19. Bh3 Rc7 20. Qd1 e4 21. d4 h5 22. Rc3 Bd6 23. Rac1 Na5 24. Rxc7 Bxc7 25. b3 Bb6 26. Nb4 g5 27. Bf5 Kg7 28. h3 h4 29. Kg2 hxg3 30. fxg3 Bc7 31. Qc2 Bd6 32. Bc8 Rxc8 33. Qxc8 Qxc8 34. Rxc8 Nxb3 35. Be1 Bf8 36. Nxa6 Na5 37. Bxa5 1-0

[Event "Bodensee op"]
[Site "Bregenz"]
[Date "2017.05.25"]
[Round "6"]
[White "Tolhuizen, Ludo"]
[Black "Kuhn, Thomas"]
[Result "1-0"]
[WhiteElo "2115"]
[BlackElo "2163"]
[PlyCount "41"]
[EventDate "2017.05.20"]
[EventType "swiss"]
[EventRounds "9"]
[EventCountry "AUT"]
[SourceTitle "CBM 178 Extra"]
[Source "ChessBase"]
[SourceDate "2017.06.22"]
[SourceVersion "1"]
[SourceVersionDate "2017.06.22"]
[SourceQuality "1"]

1. Nf3 d5 2. d4 Nf6 3. e3 Bg4 4. c4 c6 5. Qb3 Qb6 6. Nc3 e6 7. Ne5 Bf5 8. c5 Qc7 9. Be2 h6 10. 0-0 Nbd7 11. f4 b6 12. cxb6 axb6 13. Bd2 Nxe5 14. fxe5 Ne4 15. Nxe4 Bxe4 16. Rac1 Kd8 17. a4 f6 18. a5 fxe5 19. axb6 Qb7 20. dxe5 c5 21. Ra1 1-0

[Event "Oslo op"]
[Site "Fornebu"]
[Date "2016.09.30"]
[Round "1"]
[White "Tolhuizen, Ludo"]
[Black "Sidali, Elias Hulleberg"]
[Result "1/2-1/2"]
[WhiteElo "2148"]
[BlackElo "1572"]
[PlyCount "57"]
[EventDate "2016.09.30"]
[EventType "swiss"]
[EventRounds "9"]
[EventCountry "NOR"]
[SourceTitle "EXT 2017"]
[Source "ChessBase"]
[SourceDate "2016.10.25"]
[SourceVersion "1"]
[SourceVersionDate "2016.10.25"]
[SourceQuality "1"]

1. Nf3 Nf6 2. d4 d5 3. c4 e6 4. g3 c5 5. Bg2 Nc6 6. 0-0 dxc4 7. Qa4 Bd7 8. dxc5 Bxc5 9. Qxc4 Bb6 10. Nc3 0-0 11. Rd1 h6 12. Na4 Na5 13. Qh4 Nd5 14. Nxb6 axb6 15. Qxd8 Rfxd8 16. e4 Ba4 17. b3 Nc3 18. Rxd8+ Rxd8 19. Be3 Bc6 20. Bxb6 Ra8 21. Nd2 Ra6 22. Be3 Bb5 23. f3 Nc6 24. Bf1 Bxf1 25. Kxf1 Rxa2 26. Rxa2 Nxa2 27. Nc4 Nc3 28. Nd6 b5 29. Bd2 1/2-1/2

[Event "Hasselbacken op"]
[Site "Stockholm"]
[Date "2016.05.06"]
[Round "7"]
[White "Koepke, Elena"]
[Black "Tolhuizen, Ludo"]
[Result "1/2-1/2"]
[WhiteElo "2336"]
[BlackElo "2132"]
[PlyCount "150"]
[EventDate "2016.04.30"]
[EventType "swiss"]
[EventRounds "9"]
[EventCountry "SWE"]
[SourceTitle "CBM 172 Extra"]
[Source "ChessBase"]
[SourceDate "2016.06.21"]
[SourceVersion "1"]
[SourceVersionDate "2016.06.21"]
[SourceQuality "1"]

1. e4 e6 2. d4 d5 3. Nd2 Nf6 4. e5 Nfd7 5. Bd3 c5 6. c3 Nc6 7. Ne2 cxd4 8. cxd4 Qb6 9. Nf3 f6 10. exf6 Nxf6 11. 0-0 Bd6 12. b3 0-0 13. Bb2 Bd7 14. Ng3 Kh8 15. Bb1 Qc7 16. Qc2 e5 17. dxe5 Nxe5 18. Nxe5 Bxe5 19. Qxc7 Bxc7 20. Bd4 Rfe8 21. Bd3 Ne4 22. Ne2 Bd6 23. Rac1 b6 24. Nc3 Nxc3 25. Rxc3 Rac8 26. Rxc8 Rxc8 27. Rd1 Kg8 28. h3 g6 29. Bb2 Be6 30. Kf1 Kf7 31. Re1 Ke7 32. Re3 Bc5 33. Rf3 Rf8 34. Rxf8 Kxf8 35. Ke2 Ke7 36. f4 a5 37. g4 Bd7 38. Kf3 Kf7 39. Kg3 a4 40. bxa4 Bxa4 41. f5 Be7 42. h4 Bd6+ 43. Kf2 Bc5+ 44. Kf3 Bd1+ 45. Kf4 Bd6+ 46. Kg5 Be7+ 47. Kh6 Bxg4 48. fxg6+ hxg6 49. Bxg6+ Ke6 50. h5 Bf6 51. Bc1 Bc3 52. Kg5 Be2 53. h6 b5 54. a3 Bf6+ 55. Kf4 Be5+ 56. Ke3 Bc4 57. h7 Bh8 58. Kf3 Kf6 59. Bc2 d4 60. Be4 Be6 61. Kf4 Ke7 62. Kg5 Bc4 63. Bd2 Bf6+ 64. Kg6 Bf7+ 65. Kh6 Bh8 66. Kg5 Bf6+ 67. Kf4 Be6 68. Bg6 Kf8 69. Bd3 Kg7 70. Bxb5 Kxh7 71. a4 Kg6 72. Ke4 Kf7 73. Bf4 Bd8 74. Kxd4 Bb3 75. Kc5 Bxa4 1/2-1/2

[Event "Hasselbacken op"]
[Site "Stockholm"]
[Date "2016.05.04"]
[Round "5"]
[White "Lundin, Jan"]
[Black "Tolhuizen, Ludo"]
[Result "1/2-1/2"]
[WhiteElo "2275"]
[BlackElo "2132"]
[PlyCount "181"]
[EventDate "2016.04.30"]
[EventType "swiss"]
[EventRounds "9"]
[EventCountry "SWE"]
[SourceTitle "CBM 172 Extra"]
[Source "ChessBase"]
[SourceDate "2016.06.21"]
[SourceVersion "1"]
[SourceVersionDate "2016.06.21"]
[SourceQuality "1"]

1. e4 e6 2. d4 d5 3. e5 c5 4. c3 Nc6 5. Be3 Nh6 6. Nf3 Nf5 7. Bd3 Qb6 8. Qd2 Nxe3 9. fxe3 Be7 10. Qc2 Bd7 11. Nbd2 Rc8 12. Qb1 h6 13. 0-0 0-0 14. Kh1 f5 15. exf6 Bxf6 16. Nb3 cxd4 17. exd4 Be7 18. Qe1 Bd6 19. Qe2 Rf6 20. Rae1 Rcf8 21. Bb1 Be8 22. Nh4 Qd8 23. Rxf6 Qxf6 24. Nf3 e5 25. dxe5 Nxe5 26. Nxe5 Qxe5 27. Qxe5 Bxe5 28. Kg1 Bf6 29. Bf5 b6 30. Bd3 Bf7 31. Nd4 Re8 32. Kf2 Rxe1 33. Kxe1 Bxd4 34. cxd4 Kf8 35. Kd2 Ke7 36. Ke3 Kf6 37. Kf4 Be6 38. h4 Bf7 39. Bc2 Be8 40. Bb3 Bf7 41. Bd1 Be8 42. Bf3 Bf7 43. g3 g5+ 44. hxg5+ hxg5+ 45. Kg4 Kg6 46. Bd1 Be6+ 47. Kf3 Kf6 48. Ke3 Bf5 49. Bf3 Be6 50. Kd2 Ke7 51. Kc3 Kd6 52. Kb4 Bd7 53. Be2 Bc6 54. Ba6 Bd7 55. Bb7 Be8 56. Bc8 Bg6 57. Kc3 Bb1 58. a3 Bg6 59. Bg4 Bf7 60. Kb4 Be8 61. Bf5 Bc6 62. Kc3 Ke7 63. Bg4 Be8 64. Kd2 Bf7 65. Ke3 Kf6 66. Bf3 Be6 67. Kd2 Ke7 68. Kc3 Kd6 69. Bh5 Bd7 70. Bf7 Bc6 71. Kd2 Ke7 72. Bg8 Kf6 73. Ke3 Kg7 74. Be6 Kf6 75. Bc8 Be8 76. Bb7 Bf7 77. Kf3 Bh5+ 78. Kg2 Bf7 79. Kf3 Bh5+ 80. Ke3 Bf7 81. Bc6 Ke7 82. Bb7 Be6 83. Ba6 Bd7 84. Be2 Be6 85. Bf3 Bf7 86. Kd2 Kd6 87. Kc3 Be8 88. Kb4 Bd7 89. Be2 Be8 90. Ba6 Bd7 91. Bd3 1/2-1/2

[Event "Terre degli Elimi op 6th"]
[Site "Erice"]
[Date "2015.07.30"]
[Round "3"]
[White "Tolhuizen, Ludo"]
[Black "Ferro, Mario"]
[Result "1-0"]
[WhiteElo "2151"]
[BlackElo "2303"]
[PlyCount "75"]
[EventDate "2015.07.28"]
[EventType "swiss"]
[EventRounds "9"]
[EventCountry "ITA"]
[SourceTitle "EXT 2017"]
[Source "ChessBase"]
[SourceDate "2016.10.25"]
[SourceVersion "1"]
[SourceVersionDate "2016.10.25"]
[SourceQuality "1"]

1. d4 g6 2. e4 Bg7 3. Nc3 c6 4. Nf3 d5 5. h3 Nf6 6. e5 Ne4 7. Nxe4 dxe4 8. Ng5 c5 9. Bc4 0-0 10. c3 cxd4 11. cxd4 b5 12. Bb3 Bb7 13. h4 Nc6 14. Be3 Na5 15. h5 Nxb3 16. hxg6 hxg6 17. axb3 Qc8 18. Rc1 Qf5 19. Rc7 Bc8 20. Rh4 f6 21. g4 fxg5 22. gxf5 gxh4 23. fxg6 Rf3 24. Kd2 h3 25. Qg1 Be6 26. Qg5 Rc8 27. Rxc8+ Bxc8 28. Qh5 Be6 29. Ke1 Kf8 30. Bh6 Bg8 31. Ke2 a5 32. Qh4 Bxh6 33. Qxh6+ Ke8 34. Qh8 h2 35. Qxg8+ Kd7 36. Qh7 Rxb3 37. g7 Rxb2+ 38. Ke3 1-0

[Event "Reykjavik op"]
[Site "Reykjavik"]
[Date "2015.03.18"]
[Round "10"]
[White "Gunnarsson, Jon Viktor"]
[Black "Tolhuizen, Ludo"]
[Result "1-0"]
[WhiteElo "2443"]
[BlackElo "2123"]
[PlyCount "39"]
[EventDate "2015.03.10"]
[EventType "swiss"]
[EventRounds "10"]
[EventCountry "ISL"]
[SourceTitle "CBM 165 Extra"]
[Source "ChessBase"]
[SourceDate "2015.04.21"]
[SourceVersion "1"]
[SourceVersionDate "2015.04.21"]
[SourceQuality "1"]

1. e4 e6 2. d4 d5 3. Nc3 dxe4 4. Nxe4 Nd7 5. Nf3 Ngf6 6. Bd3 c5 7. 0-0 cxd4 8. Nxf6+ Nxf6 9. Nxd4 Be7 10. c3 0-0 11. Bf4 Nd5 12. Bg3 Bf6 13. Nf3 b6 14. c4 Bxb2 15. cxd5 Bxa1 16. Qxa1 exd5 17. h3 Be6 18. Be5 f6 19. Bf4 Qd7 20. Nd4 1-0

[Event "Reykjavik op"]
[Site "Reykjavik"]
[Date "2015.03.12"]
[Round "4"]
[White "Esserman, Marc"]
[Black "Tolhuizen, Ludo"]
[Result "1/2-1/2"]
[WhiteElo "2426"]
[BlackElo "2123"]
[PlyCount "124"]
[EventDate "2015.03.10"]
[EventType "swiss"]
[EventRounds "10"]
[EventCountry "ISL"]
[SourceTitle "CBM 165 Extra"]
[Source "ChessBase"]
[SourceDate "2015.04.21"]
[SourceVersion "1"]
[SourceVersionDate "2015.04.21"]
[SourceQuality "1"]

1. e4 d5 2. exd5 Qxd5 3. Nc3 Qd8 4. d4 Nf6 5. Nf3 c6 6. Bc4 Bf5 7. Ne5 e6 8. g4 Bg6 9. h4 Bb4 10. h5 Be4 11. Rh3 Nbd7 12. Nd3 Bg2 13. Rh2 Bd5 14. Bb3 Bxc3+ 15. bxc3 Qa5 16. Bd2 Ne4 17. c4 Nxd2 18. Qxd2 Qxd2+ 19. Kxd2 Be4 20. h6 gxh6 21. Rxh6 0-0-0 22. Ke3 Bxd3 23. cxd3 c5 24. dxc5 Ne5 25. f3 Nxd3 26. Rh5 f5 27. Rd1 Nxc5 28. Rxd8+ Kxd8 29. Bc2 Ke7 30. gxf5 exf5 31. Bxf5 h6 32. Kd4 Ne6+ 33. Ke5 Ng7 34. Rh3 Nxf5 35. Kxf5 Kf7 36. f4 Rc8 37. Rxh6 Rc5+ 38. Kg4 Rxc4 39. Rh7+ Kf6 40. Rxb7 Ra4 41. Rb2 Ra3 42. Rc2 Ra6 43. Rh2 Ra3 44. Rh6+ Kf7 45. Kg5 Rxa2 46. Rh7+ Kg8 47. Rb7 Ra6 48. f5 Kf8 49. Rc7 Rb6 50. Rxa7 Rc6 51. Rb7 Ra6 52. Rd7 Rb6 53. Rh7 Ra6 54. Rb7 Rc6 55. f6 Rc1 56. Rb8+ Kf7 57. Rb7+ Kf8 58. Kg6 Rg1+ 59. Kf5 Rf1+ 60. Ke6 Re1+ 61. Kf5 Rf1+ 62. Kg6 Rg1+ 1/2-1/2

[Event "Douglas PokerStars op"]
[Site "Douglas"]
[Date "2014.10.08"]
[Round "5"]
[White "Llewellyn, Alan Mansel"]
[Black "Tolhuizen, Ludo"]
[Result "0-1"]
[WhiteElo "1555"]
[BlackElo "2117"]
[PlyCount "80"]
[EventDate "2014.10.04"]
[EventType "swiss"]
[EventRounds "9"]
[EventCountry "IOM"]
[SourceTitle "CBM 162 Extra"]
[Source "ChessBase"]
[SourceDate "2014.10.17"]
[SourceVersion "1"]
[SourceVersionDate "2014.10.17"]
[SourceQuality "1"]

1. c4 e6 2. Nc3 c5 3. e4 Nc6 4. g3 g6 5. Bg2 Bg7 6. Nge2 Nge7 7. 0-0 0-0 8. d3 a6 9. Be3 Nd4 10. Bxd4 cxd4 11. Nb1 d5 12. Na3 dxe4 13. Bxe4 e5 14. Nc2 Bh3 15. Bg2 Qd7 16. f4 Bxg2 17. Kxg2 b5 18. fxe5 Bxe5 19. Nf4 bxc4 20. dxc4 Qc6+ 21. Nd5 Nxd5 22. cxd5 Qxd5+ 23. Qf3 Qxf3+ 24. Rxf3 d3 25. Rxd3 Bxb2 26. Rad1 Rfe8 27. R1d2 Bc1 28. Rf2 Rad8 29. Rxd8 Rxd8 30. Nb4 Rd6 31. Kf3 a5 32. Nc2 a4 33. Ke4 a3 34. g4 Kg7 35. Nd4 Bb2 36. Nb3 Rb6 37. Nd2 Rb4+ 38. Kf3 Bd4 39. Re2 Rb2 40. Nb3 Rxb3+ 0-1

[Event "Lueneburg op"]
[Site "Lueneburg"]
[Date "2014.08.17"]
[Round "9"]
[White "Ziese, Gerhard"]
[Black "Tolhuizen, Ludo"]
[Result "1/2-1/2"]
[WhiteElo "1984"]
[BlackElo "2126"]
[PlyCount "20"]
[EventDate "2014.08.09"]
[EventType "swiss"]
[EventRounds "9"]
[EventCountry "GER"]
[SourceTitle "CBM 161 Extra"]
[Source "ChessBase"]
[SourceDate "2014.08.29"]
[SourceVersion "1"]
[SourceVersionDate "2014.08.29"]
[SourceQuality "1"]

1. d4 d5 2. c4 c6 3. Nf3 Nf6 4. cxd5 cxd5 5. Nc3 Nc6 6. Bf4 a6 7. e3 Bg4 8. Be2 e6 9. 0-0 Bxf3 10. Bxf3 Bd6 1/2-1/2

[Event "Lueneburg op"]
[Site "Lueneburg"]
[Date "2014.08.16"]
[Round "8"]
[White "Tolhuizen, Ludo"]
[Black "Hamann, Marcus"]
[Result "1-0"]
[WhiteElo "2126"]
[BlackElo "1815"]
[PlyCount "83"]
[EventDate "2014.08.09"]
[EventType "swiss"]
[EventRounds "9"]
[EventCountry "GER"]
[SourceTitle "CBM 161 Extra"]
[Source "ChessBase"]
[SourceDate "2014.08.29"]
[SourceVersion "1"]
[SourceVersionDate "2014.08.29"]
[SourceQuality "1"]

1. d4 d5 2. Nf3 Nf6 3. e3 c6 4. c4 e6 5. Nbd2 Be7 6. Bd3 Nbd7 7. 0-0 0-0 8. b3 Re8 9. Bb2 Bf8 10. e4 dxe4 11. Nxe4 Nxe4 12. Bxe4 Nf6 13. Bc2 g6 14. Ne5 Bg7 15. Qf3 Qe7 16. Rfe1 Nd7 17. Rad1 Qf6 18. Qg3 Rd8 19. h4 h5 20. d5 Nxe5 21. Bxe5 Qe7 22. d6 Qf8 23. c5 Bd7 24. Rd3 b6 25. b4 bxc5 26. bxc5 Rab8 27. Rb3 Rxb3 28. axb3 Bxe5 29. Qxe5 Qg7 30. Qxg7+ Kxg7 31. Ra1 Ra8 32. Bd3 a5 33. Ra4 Rb8 34. Bc4 Kf6 35. Rxa5 Ke5 36. Ra7 Rd8 37. b4 Kd4 38. Be2 Kc3 39. Rb7 e5 40. b5 cxb5 41. Rxd7 Rc8 42. Rc7 1-0

[Event "Lueneburg op"]
[Site "Lueneburg"]
[Date "2014.08.10"]
[Round "2"]
[White "Baldauf, Karsten"]
[Black "Tolhuizen, Ludo"]
[Result "0-1"]
[WhiteElo "1743"]
[BlackElo "2126"]
[PlyCount "110"]
[EventDate "2014.08.09"]
[EventType "swiss"]
[EventRounds "9"]
[EventCountry "GER"]
[SourceTitle "CBM 161 Extra"]
[Source "ChessBase"]
[SourceDate "2014.08.29"]
[SourceVersion "1"]
[SourceVersionDate "2014.08.29"]
[SourceQuality "1"]

1. d4 e6 2. c4 f5 3. Nc3 Nf6 4. g3 d5 5. cxd5 exd5 6. Bg2 c6 7. Nf3 Bd6 8. 0-0 0-0 9. Bg5 Qe8 10. Bxf6 Rxf6 11. e3 Nd7 12. Rc1 Nf8 13. Qc2 Qh5 14. Ne2 g5 15. h4 h6 16. Qd1 f4 17. Ne5 f3 18. Nf4 gxf4 19. Bxf3 Qe8 20. exf4 Bh3 21. Re1 Qd8 22. Bg4 Bxe5 23. Bxh3 Bxf4 24. gxf4 Rxf4 25. Kh1 Kh8 26. Qh5 Qf6 27. Qe5 Ng6 28. Qxf6+ Rxf6 29. Re6 Rxe6 30. Bxe6 Rf8 31. h5 Nf4 32. Bg4 Nd3 33. Rf1 Rf4 34. f3 Rxd4 35. Kh2 Ne5 36. Kg3 Nxg4 37. fxg4 Kg7 38. Re1 Kf6 39. Rf1+ Ke6 40. Re1+ Kf6 41. Rf1+ Ke6 42. Re1+ Re4 43. Rxe4+ dxe4 44. Kf4 Kf6 45. Kxe4 Kg5 46. Kf3 c5 47. b3 b5 48. Ke4 Kxg4 49. Kd5 c4 50. bxc4 bxc4 51. Kxc4 Kxh5 52. Kd3 Kg4 53. Ke2 Kg3 54. Kf1 a5 55. a4 Kf3 0-1